[Event "the leisure version for good players over 2300"]
[Site "SchemingMind.com"]
[Date "2020.04.10"]
[Round "-"]
[White "sbb"]
[Black "frankly"]
[Result "1/2-1/2"]
[WhiteCountry "USA"]
[BlackCountry "ENG"]
[WhiteElo "2477"]
[WhiteRD "84"]
[BlackElo "2576"]
[BlackRD "63"]
[GameID "453467"]

1. e4 c5 2. Nf3 Nc6 3. Bb5 g6 4. Bxc6 dxc6 5. d3 Bg7 6. h3 Nf6 7. Nc3 O-O 8. Be3 b6 9. a4 a5 10. Qd2 e5
11. Bh6 Qc7 12. Bxg7 Kxg7 13. b3 Qe7 14. Ne2 Ne8 15. O-O Nc7 16. Rae1 Ra7 17. Nh2 Ne6 18. f4 exf4 19. Nxf4 Nd4 20. e5 Qd8
21. Re4 h6 22. Ne2 Re8 23. Ng3 Bf5 24. Ree1 Bc8 25. Qf2 Rb7 26. Re4 Bf5 27. Re3 Bc8 28. Nf3 Nxf3+ 29. Rxf3 Qd4 30. Re3 Re6
31. h4 h5 32. Rfe1 Qd8 33. Nf1 f6 34. Qg3 Rf7 35. Nd2 fxe5 36. Rxe5 Rfe7 37. Rxe6 Bxe6 38. Qe5+ Kf7 39. Qg5 Re8 40. Qf4+ Kg7
41. Kh2 Qf6 42. Qg3 Qd8 43. Re4 Bf7 44. Rxe8 Qxe8=
1/2-1/2

[Event "the leisure version for good players over 2300"]
[Site "SchemingMind.com"]
[Date "2020.04.14"]
[Round "-"]
[White "Robert Bruce"]
[Black "sbb"]
[Result "1/2-1/2"]
[WhiteCountry "SCO"]
[BlackCountry "USA"]
[WhiteElo "2404"]
[WhiteRD "66"]
[BlackElo "2467"]
[BlackRD "84"]
[GameID "453468"]

1. c4 g6 2. g3 Bg7 3. Bg2 c5 4. Nc3 Nc6 5. Nf3 d6 6. O-O Bf5 7. b3 Qd7 8. Bb2 e5 9. d3 Nge7 10. Ng5 h6
11. Nge4 Be6 12. Nb5 O-O 13. Nbxd6 a6 14. Nxb7 Qxb7 15. Nxc5 Qc8 16. Nxe6 Qxe6 17. e3 Rfd8 18. Qe2 a5 19. f4 Rac8=
1/2-1/2

[Event "the leisure version for good players over 2300"]
[Site "SchemingMind.com"]
[Date "2020.04.14"]
[Round "-"]
[White "sbb"]
[Black "Robert Bruce"]
[Result "1/2-1/2"]
[WhiteCountry "USA"]
[BlackCountry "SCO"]
[WhiteElo "2477"]
[WhiteRD "84"]
[BlackElo "2407"]
[BlackRD "67"]
[GameID "453469"]

1. e4 c6 2. d4 d5 3. Nc3 dxe4 4. Nxe4 Bf5 5. Qf3 e6 6. c3 Nd7 7. Bd3 Bg6 8. h3 e5 9. Qe2 Be7 10. dxe5 Nxe5
11. Bc2 Nf6 12. Bf4 Bxe4 13. Bxe4 Nxe4 14. Bxe5 Qd5 15. Nf3 f5 16. O-O O-O 17. Rfd1 Qe6 18. Qc2 Rad8 19. Re1 g6 20. Bc7 Rd7
21. Bf4 Bc5 22. Re2 Re8 23. a4 a5 24. Rae1 Qd5 25. Ng5 Ree7 26. Nxe4 Rxe4 27. Rxe4 fxe4 28. Qe2 Qb3 29. Kh2 Qxa4 30. Qg4 Rf7
31. Rd1 Qb5 32. Rd2=
1/2-1/2

[Event "the leisure version for good players over 2300"]
[Site "SchemingMind.com"]
[Date "2020.04.11"]
[Round "-"]
[White "William Lindberg"]
[Black "sbb"]
[Result "1/2-1/2"]
[WhiteCountry "USA"]
[BlackCountry "USA"]
[WhiteElo "2443"]
[WhiteRD "62"]
[BlackElo "2441"]
[BlackRD "90"]
[GameID "453470"]

1. c4 g6 2. d4 Nf6 3. Nc3 d5 4. Nf3 Bg7 5. cxd5 Nxd5 6. e4 Nxc3 7. bxc3 c5 8. Be3 Qa5 9. Qd2 O-O 10. Rc1 Rd8
11. d5 e6 12. c4 Qxd2+ 13. Nxd2 b6 14. h4 Na6 15. h5 Nb4 16. a3 Na2 17. Rc2 Nc3 18. hxg6 hxg6 19. Bg5 Re8 20. d6 Bb7
21. Bd3 Rad8 22. Bxd8 Rxd8 23. Rh3 Rxd6=
1/2-1/2

[Event "the leisure version for good players over 2300"]
[Site "SchemingMind.com"]
[Date "2020.04.10"]
[Round "-"]
[White "sbb"]
[Black "William Lindberg"]
[Result "1-0"]
[WhiteCountry "USA"]
[BlackCountry "USA"]
[WhiteElo "2525"]
[WhiteRD "84"]
[BlackElo "2437"]
[BlackRD "66"]
[GameID "453471"]

1. e4 e5 2. Nf3 Nc6 3. Bb5 a6 4. Ba4 b5 5. Bb3 Nf6 6. O-O Bb7 7. d3 Bc5 8. a4 O-O 9. Bg5 h6 10. Bh4 Be7
11. c3 d6 12. Nbd2 Na5 13. Ba2 c5 14. Re1 Nc6 15. Nf1 b4 16. Bg3 Rb8 17. Nh4 Kh7 18. Nf5 a5 19. Bc4 bxc3 20. bxc3 g6
21. Nxe7 Nxe7 22. f3 Nh5 23. Bh4 Nf4 24. Ne3 Qc7 25. Rb1 g5 26. Bf2 Bc6 27. Rxb8 Qxb8 28. Qc2 Qc7 29. d4 cxd4 30. cxd4 Bd7
31. dxe5 dxe5 32. Rb1 Rc8 33. Qb3 Be6 34. Bxe6 Nxe6 35. Qb5 Kg7 36. h4 Nd4 37. Qa6 Qd8 38. h5 Rc3 39. Kh2 Nec6 40. Ng4 Qe8
41. Bg3 Qe6 42. Kh3 Rb3 43. Rxb3 Nxb3 44. Qb6 Kh7 45. Kh2 Nbd4 46. Qb2 Qd6 47. Qa2 Qe7 48. Qd5 f6 49. Bf2 Kg7 50. Bxd4 Nxd4
51. Qxa5 Qf7 52. Kg1 Ne2+ 53. Kf2 Nf4 54. Ne3 Nxh5 55. Nd5 Nf4 56. Qc7 Ne6 57. Qxf7+ Kxf7 58. a5 Nc5 59. Nc7 h5 60. a6 Nxa6
61. Nxa6 Kg6 62. Nc5 Kf7 63. Ke3 Kg6 64. Kd3 h4 65. Nd7 f5 66. Nxe5+ Kf6 67. Kd4 Ke6 68. Nd3 fxe4 69. fxe4 g4 70. Nf2 h3
71. Nxh3 Kd6 72. e5+ Ke7 73. Nf4
1-0

[Event "the leisure version for good players over 2300"]
[Site "SchemingMind.com"]
[Date "2020.04.14"]
[Round "-"]
[White "sbb"]
[Black "Keithk"]
[Result "1-0"]
[WhiteCountry "USA"]
[BlackCountry "ENG"]
[WhiteElo "2525"]
[WhiteRD "84"]
[BlackElo "2591"]
[BlackRD "76"]
[GameID "453474"]

1. e4 e5 2. Nf3 Nc6 3. Bb5 Nf6 4. O-O Nxe4 5. Re1 Nd6 6. Nxe5 Be7 7. Bf1 Nxe5 8. Rxe5 O-O 9. d4 Bf6 10. Re1 Nf5
11. c3 d5 12. Nd2 Nd6 13. Nf3 Bf5 14. h3 c6 15. Bf4 a5 16. a4 Be4 17. Nd2 Bg6 18. Nf3 Ne4 19. Ne5 Bh5 20. Qxh5 g6
21. Qg4
1-0

[Event "the leisure version for good players over 2300"]
[Site "SchemingMind.com"]
[Date "2020.04.14"]
[Round "-"]
[White "Keithk"]
[Black "sbb"]
[Result "1/2-1/2"]
[WhiteCountry "ENG"]
[BlackCountry "USA"]
[WhiteElo "2591"]
[WhiteRD "76"]
[BlackElo "2525"]
[BlackRD "84"]
[GameID "453475"]

1. d4 Nf6 2. c4 g6 3. f3 Nc6 4. d5 Ne5 5. e4 d6 6. Nc3 Bg7 7. f4 Ned7 8. Be3 O-O 9. Nh3 Nb6 10. Nf2 e6
11. Be2 Re8 12. Rc1 exd5 13. cxd5 c6 14. dxc6 bxc6 15. O-O Bb7 16. Qd2 Qe7 17. Rfe1 c5 18. Bb5 Red8 19. f5 d5 20. exd5 Nbxd5
21. Bg5 Qf8 22. Na4 Nb6 23. Qa5 Nxa4=
1/2-1/2

[Event "the leisure version for good players over 2300"]
[Site "SchemingMind.com"]
[Date "2020.04.10"]
[Round "-"]
[White "sbb"]
[Black "Giraldo Menendez Rodriguez"]
[Result "1/2-1/2"]
[WhiteCountry "USA"]
[BlackCountry "CUB"]
[WhiteElo "2467"]
[WhiteRD "84"]
[BlackElo "2535"]
[BlackRD "76"]
[GameID "453476"]

1. e4 c5 2. Nf3 d6 3. Bb5+ Bd7 4. c4 Nf6 5. Nc3 a6 6. Bxd7+ Nbxd7 7. O-O e6 8. d4 cxd4 9. Nxd4 Qc7 10. Be3 Be7
11. Rc1 O-O 12. b3 h6 13. f4 Rac8 14. Qf3 Bd8 15. Nde2 Qc6 16. g4 Ba5 17. Nd4 Qc7 18. Nce2 Bb6 19. Kh1 Bxd4 20. Bxd4 e5
21. fxe5 Nxe5 22. Qg2 Nh7 23. Ng3 Ng5 24. Nf5 f6 25. h4 Ne6 26. Bb2 Nf7 27. Ne3 Rce8 28. Rcd1=
1/2-1/2

[Event "the leisure version for good players over 2300"]
[Site "SchemingMind.com"]
[Date "2020.04.11"]
[Round "-"]
[White "Giraldo Menendez Rodriguez"]
[Black "sbb"]
[Result "1/2-1/2"]
[WhiteCountry "CUB"]
[BlackCountry "USA"]
[WhiteElo "2529"]
[WhiteRD "76"]
[BlackElo "2441"]
[BlackRD "90"]
[GameID "453477"]

1. e4 e5 2. Nf3 Nc6 3. Bb5 a6 4. Ba4 Nf6 5. O-O Be7 6. Re1 b5 7. Bb3 O-O 8. h3 Bb7 9. d3 d5 10. exd5 Nxd5
11. Nxe5 Nxe5 12. Rxe5 Qd6 13. Re1 Rae8 14. Nd2 c5 15. Ne4 Qc6 16. c4 Nb6 17. f3 Bh4 18. Re2 bxc4 19. dxc4 Qc7 20. Qf1 Bxe4
21. Rxe4 Rxe4 22. fxe4 Bf6 23. Rb1 Bd4+ 24. Kh1 Nd7=
1/2-1/2

[Event "the leisure version for good players over 2300"]
[Site "SchemingMind.com"]
[Date "2020.04.09"]
[Round "-"]
[White "sbb"]
[Black "Matthew Bailey"]
[Result "1/2-1/2"]
[WhiteCountry "USA"]
[BlackCountry "ENG"]
[WhiteElo "2467"]
[WhiteRD "84"]
[BlackElo "2518"]
[BlackRD "58"]
[GameID "453480"]

1. e4 e5 2. Nf3 Nc6 3. Bb5 Nf6 4. O-O Nxe4 5. Re1 Nd6 6. Nxe5 Be7 7. Bf1 Nxe5 8. Rxe5 O-O 9. d4 Ne8 10. c4 Bf6
11. Re1 d5 12. cxd5 Qxd5 13. Be3 Be6 14. Nc3 Qd7 15. Ne4 Be7 16. Nc5 Bxc5 17. dxc5 Qxd1 18. Rexd1 Nf6 19. a3 Rfe8 20. Rd4 Nd5
21. Bd2 h6 22. Rd1 Ne7 23. Bf4 c6 24. h4 Bb3 25. Rc1 Be6 26. f3 Rad8 27. Rcd1 Rd5 28. Rxd5 Nxd5 29. Bc1 b6 30. Rd4 b5
31. b4 f5=
1/2-1/2

[Event "the leisure version for good players over 2300"]
[Site "SchemingMind.com"]
[Date "2020.04.11"]
[Round "-"]
[White "Matthew Bailey"]
[Black "sbb"]
[Result "1/2-1/2"]
[WhiteCountry "ENG"]
[BlackCountry "USA"]
[WhiteElo "2518"]
[WhiteRD "58"]
[BlackElo "2467"]
[BlackRD "84"]
[GameID "453481"]

1. Nf3 Nf6 2. c4 g6 3. d4 Bg7 4. Nc3 d5 5. Qb3 dxc4 6. Qxc4 O-O 7. e4 a6 8. Qb3 b5 9. Be2 c5 10. dxc5 Bb7
11. e5 Nfd7 12. Be3 e6 13. O-O Qc7 14. a4 Nxc5 15. Qb4 Nxa4 16. Nxa4 bxa4 17. Rfc1 Qd7 18. Qh4 Nc6 19. Rd1 Qc7 20. Bc5 Rfd8
21. Bd6 Qb6 22. Qxa4 a5 23. Qh4 h6 24. Rab1 Na7 25. Nd4 Rd7=
1/2-1/2